Vida y doctrina de Tomás Hobbes / (Record no. 135149)

MARC details
000 -LEADER
campo de control de longitud fija 00768nam a2200241 i 4500
001 - NÚMERO DE CONTROL
campo de control 135149
003 - IDENTIFICADOR DE NÚMERO DE CONTROL
campo de control ES-MaACL
005 - FECHA Y HORA DE LA ÚLTIMA TRANSACCIÓN
campo de control 20230906194821.0
007 - CAMPO FIJO DE DESCRIPCIÓN FÍSICA--INFORMACIÓN GENERAL
campo de control de longitud fija t|
008 - DATOS DE LONGITUD FIJA--INFORMACIÓN GENERAL
campo de control de longitud fija 070710s1932 sp ||||1| spa d
080 ## - NÚMERO DE LA CLASIFICACIÓN DECIMAL UNIVERSAL
Número de la Clasificación Decimal Universal 929:1 Hobbes, Thomas
100 1# - ENTRADA PRINCIPAL--NOMBRE DE PERSONA
Nombre de persona Tönnies, Ferdinand.
9 (RLIN) 110579
245 10 - MENCIÓN DEL TÍTULO
Título Vida y doctrina de Tomás Hobbes /
Mención de responsabilidad, etc. Fernando Tönnies ; traducción del alemán por E. Imaz.
260 ## - PUBLICACIÓN, DISTRIBUCIÓN, ETC.
Lugar de publicación, distribución, etc. Madrid :
Nombre del editor, distribuidor, etc. Revista de Occidente,
Fecha de publicación, distribución, etc. [1932]
300 ## - DESCRIPCIÓN FÍSICA
Extensión 336 p. :
Otras características físicas il. ;
Dimensiones 22 cm.
490 1# - MENCIÓN DE SERIE
Mención de serie Los filósofos ;
Designación de volumen o secuencia 11
600 14 - PUNTO DE ACCESO ADICIONAL DE MATERIA--NOMBRE DE PERSONA
Nombre de persona Hobbes, Thomas-
Subdivisión general Crítica e interpretación.
9 (RLIN) 63854
700 1# - ENTRADA AGREGADA--NOMBRE PERSONAL
Nombre de persona Imaz, Eugenio.
9 (RLIN) 65203
830 1# - PUNTO DE ACCESO ADICIONAL DE SERIE-TÍTULO UNIFORME
Título uniforme Los filósofos ;
Designación de volumen o secuencia 11
9 (RLIN) 183665
852 ## - LOCALIZACIÓN
Ubicación ES-MaACL
Número de control de estantería D-5274
852 ## - LOCALIZACIÓN
Ubicación ES-MaACL
Número de control de estantería E-6909
Holdings
Estatus retirado Estado de pérdida Estado de daño No para préstamo Biblioteca de origen Biblioteca actual Ubicación en estantería Fecha de adquisición Fuente de adquisición Total de préstamos Signatura topográfica completa Código de barras Visto por última vez Precio de reemplazo Tipo de ítem Koha
        Biblioteca del Ateneo de Madrid Biblioteca del Ateneo de Madrid Depósito 2 17/01/2008     E-6909 1140668 23/02/2023 23/02/2023 Libro impreso
        Biblioteca del Ateneo de Madrid Biblioteca del Ateneo de Madrid Sala Valle Inclán 17/01/2008     D-5274 901140667 23/02/2023 23/02/2023 Libro impreso